Wie Max Reinhardt lebte.
Saved in:
| Main Author: | |
|---|---|
| Format: | Book |
| Language: | German |
| Published: |
[Percha am Starnberger See]
R. S. Schultz
[c1973]
|
| Subjects: | |
| Tags: |
Add Tag
No Tags, Be the first to tag this record!
|
| LEADER | 00972nam a2200277I 4500 | ||
|---|---|---|---|
| 001 | 000683051-X | ||
| 005 | 20100129135311.0 | ||
| 008 | 740524s1973 gw a 00000bger | ||
| 010 | |a 73366693 //r952 | ||
| 020 | |a 379620001X | ||
| 035 | 0 | |a ocm00894772 | |
| 040 | |a DLC |c OWU | ||
| 043 | |a e-gx--- |a e-au--- | ||
| 050 | 0 | 0 | |a PN2658.R4 |b T5 |
| 100 | 2 | |a Thimig-Reinhardt, Helene, |d 1889-1974. | |
| 245 | 1 | 0 | |a Wie Max Reinhardt lebte. |
| 260 | 0 | |a [Percha am Starnberger See] |b R. S. Schultz |c [c1973] | |
| 300 | |a 371 p. |b illus. |c 22 cm. | ||
| 600 | 1 | 0 | |a Reinhardt, Max, |d 1873-1943. |
| 600 | 2 | 0 | |a Thimig-Reinhardt, Helene, |d 1889-1974. |
| 650 | 0 | |a Theatrical producers and directors |z Germany |v Biography. | |
| 650 | 0 | |a Actors |z Austria |v Biography. | |
| 655 | 7 | |a Biography. |2 fast | |
| 776 | 0 | 8 | |i Online version: |a Thimig-Reinhardt, Helene, 1889-1974. |t Wie Max Reinhardt lebte. |d [Percha am Starnberger See] : R.S. Schultz, [©1973] |w (OCoLC)582766638 |
| 988 | |a 20020608 | ||
| 906 | |0 DLC | ||


